Полимерные пленки, содержащие ингибиторы коррозии

Λεπτομέρειες βιβλιογραφικής εγγραφής
Κύριος συγγραφέας: Пинчук Л. С. Леонид Семенович
Άλλοι συγγραφείς: Неверов А. С. Александр Сергеевич
Γλώσσα:Ρωσικά
Έκδοση: Москва, Химия, 1993
Θέματα:
Μορφή: Βιβλίο
KOHA link:https://koha.lib.tpu.ru/cgi-bin/koha/opac-detail.pl?biblionumber=25975

MARC

LEADER 00000nam0a2200000 4500
001 25975
005 20231030201243.0
010 |a 5724508338 
035 |a (RuTPU)RU\TPU\book\26214 
035 |a BOOK00000131 
090 |a 25975 
100 |a 20011209d1993 km y0rusy50 ca 
101 0 |a rus 
102 |a RU 
105 |a a z 000zy 
200 1 |a Полимерные пленки, содержащие ингибиторы коррозии  |f Л. С. Пинчук, А. С. Неверов 
210 |a Москва  |c Химия  |d 1993 
215 |a 176 с.  |c ил. 
610 1 |a материаловедение 
610 1 |a химия 
610 1 |a металлы 
610 1 |a коррозия 
610 1 |a защита 
610 1 |a полимерные пленки 
610 1 |a ингибиторы 
610 1 |a ингибированные пленки 
610 1 |a полимерные материалы 
610 1 |a антикоррозийные пленки 
610 1 |a композиты 
675 |a 669:620.197  |v 3 
675 |a 678.02  |v 3 
700 1 |a Пинчук  |b Л. С.  |g Леонид Семенович 
701 1 |a Неверов  |b А. С.  |g Александр Сергеевич 
801 0 |a RU  |b 63413507  |c 20011209  |g PSBO 
801 2 |a RU  |b 63413507  |c 20090714  |g PSBO 
942 |c BK